Dos tratados

Presenta el Tratado, firmado en 1914 por los Estados Unidos y Colombia, cuyo objetivo era solucionar diferencias provenientes de los acontecimientos producidos en el istmo en 1903 contempla: 1) el transporte por el canal de tropas, buques y materiales de guerra colombianos 2) la exención de gravámen...

Fuld beskrivelse

Guardado en:
Bibliografiske detaljer
Hovedforfatter: Zúñiga Guardia, Carlos Iván
Format: Ukendt
Udgivet: Panamá: Cartillas Patrióticas
Fag:
Tags: Tilføj Tag
Ingen Tags, Vær først til at tagge denne postø!

MARC

LEADER 00000 a2200000 04500
001 19530
003
008 991231s d
040
090 |a 077302  
100 |a Zúñiga Guardia, Carlos Iván  
245 |a Dos tratados  
260 |a Panamá:   |b Cartillas Patrióticas  
300 |a 47 p.  
520 |a Presenta el Tratado, firmado en 1914 por los Estados Unidos y Colombia, cuyo objetivo era solucionar diferencias provenientes de los acontecimientos producidos en el istmo en 1903 contempla: 1) el transporte por el canal de tropas, buques y materiales de guerra colombianos 2) la exención de gravámenes a productos colombianos que pasen por el canal 3) la exención de peaje, impuesto o derecho a los ciudadanos colombianos que atraviesan la zona del canal 4) la admisión en la zona del canal de productos colombianos sin pagar otros derechos que paguen los Estados Unidos 5) el pago a Colombia de la suma de 25 millones de pesos en concepto de indemnización por la separación de Panamá 6) el reconocimiento por parte de Colombia de la independencia de Panamá. ALLV  
650 |a ZONA DEL CANAL DE PANAMA  
650 |a ACUERDOS INTERNACIONALES  
999 |c 14695  |d 14695